00000000nam##2200000za#4500
0019.619194
003CaOODSP
00520210615103324
007ta
008150406|2008||||xxc|||||     f|0| 0 eng|d
022 |a0706-6457
040 |aCaOODSP|beng
043 |an-cn---
0861 |aFs97-6/2812E
1101 |aCanada. |bDepartment of Fisheries and Oceans.
24510|aPelagic fish surveys of 23 sockeye rearing lakes in the Skeena River system and in northern British Columbia coastal watersheds from 1997 to 2005 / |cby J.M.B. Hume and S.G. MacLellan.
260 |aCultus Lake - British Columbia : |bFisheries and Oceans Canada |c2008.
300 |avi, 99p. : |bfigs., graphs, maps, references, tables ; |c28 cm.
4901 |aCanadian technical report of fisheries and aquatic sciences|x0706-6457|v2812
500 |a"Salmon and Freshwater Ecosystems Division Science Branch Cultus Lake Salmon Research Laboratory Fisheries and Oceans Canada 4222 Columbia Valley Highway Cultus Lake, BC V2R 5B6".
546 |a(Résumé en français.)
563 |aSoftcover
590 |a09-05|b2009-01-30
7201 |aHume, J. M. B
7201 |aMacLellan, S. G.
7760#|tPelagic fish surveys of 23 sockeye rearing lakes in the Skeena River system and in northern British Columbia coastal watersheds from 1997 to 2005 / |w(CaOODSP)9.566966
830#0|aCanadian technical report of fisheries and aquatic sciences,|x0706-6457|v2812|w(CaOODSP)9.514691